000 00386nam a2200169Ia 4500
003 OSt
005 20240523150917.0
008 170619s9999 xx 000 0 und d
020 _a978-9353166526
040 _cIIMT ENGINEERING COLLEGE
100 _aChandra- Prasanna
245 0 _aFinancial Managerment
260 _bTMH
260 _c2011
546 _aENGLISH
942 _2ddc
_c02
999 _c22522
_d22522